Science Quiz

Random Science or Clickable Quiz
Score 0/27 Timer 06:00
0 Plays Today
% Correct
Lanoxin, Digitek
88%
Nitrostat, Nitroquick
87.6%
Lasix
87.6%
Klor-Con, K-Dur, Micro-K
86.8%
Lipitor
85.9%
Niaspan
85.5%
Aldactone
85%
Bumex
83.8%
Pravachol
83.8%
Zetia
82.5%
Crestor
80.8%
Imdur
79.5%
Zocor
79.5%
Cordarone, Pacerone, Nexterone
78.6%
% Correct
Betapace
77.4%
Phoslo
76.9%
Lovaza
74.4%
Welchol
73.9%
Tricor
73.1%
Microzide
70.1%
Dyazide, Maxzide
69.7%
Lopid
69.7%
Vytorin
68.4%
Hygroton
65.8%
Mevacor
65%
Demadex
64.1%
Zaroxolyn
62.8%
Remove Ads.
Support Sporcle.
Get the best of Sporcle when you Go Orange. This ad-free experience offers more features, more stats, and more fun while also helping to support Sporcle. Thank you for becoming a member.

You're not logged in!

Compare scores with friends on all Sporcle quizzes.
OR
Log In

Show Comments

Extras

Created Jan 6, 2015ReportNominate
Tags:Clickable Quiz, brand, Generic

Top Quizzes Today


Score Distribution

Your Account Isn't Verified!

In order to create a playlist on Sporcle, you need to verify the email address you used during registration. Go to your Sporcle Settings to finish the process.

Report this User

Report this user for behavior that violates our Community Guidelines.

Details: